[Event "chess.com Speed (Women)"]
[Site "Chess.com INT"]
[Date "2019.06.23"]
[Round "2.29"]
[White "Kosteniuk, Alexandra"]
[Black "Gunina, Valentina"]
[Result "1-0"]
[WhiteElo "2546"]
[BlackElo "2506"]
[PlyCount "175"]
[EventDate "2019.05.22"]
[EventType "k.o. (blitz)"]
[EventRounds "3"]
[EventCountry "USA"]
[SourceTitle "EXT 2020"]
[Source "ChessBase"]
[SourceDate "2019.10.17"]
[SourceVersion "1"]
[SourceVersionDate "2019.10.17"]
[SourceQuality "1"]

1. e4 c6 2. Nc3 d5 3. Nf3 Bg4 4. Be2 e6 5. h3 Bxf3 6. Bxf3 Nf6 7. O-O d4 8. Ne2
e5 9. d3 Nbd7 10. g3 Bd6 11. Bg2 Qc7 12. f4 O-O-O 13. Bd2 h5 14. f5 Kb8 15. Bg5
Rdg8 16. Rb1 Nh7 17. Bd2 g6 18. fxg6 fxg6 19. Rf7 Rf8 20. Qf1 Qd8 21. b4 Ng5
22. Rxf8 Rxf8 23. Qc1 Nf3+ 24. Bxf3 Rxf3 25. b5 cxb5 26. Rxb5 Qf6 27. Bg5 Qf7
28. Qb1 b6 29. Rd5 Kc7 30. a4 Rf2 31. Qe1 Rf3 32. Rxd6 Kxd6 33. a5 Kc7 34.
axb6+ axb6 35. Kg2 Qf8 36. Nf4 Re3 37. Ne6+ Kd6 38. Bxe3 Kxe6 39. Bd2 Qc5 40.
Qb1 Kf7 41. Qb3+ Kg7 42. Bb4 Qc6 43. Qa2 Nf6 44. Qa7+ Nd7 45. Qa2 g5 46. Kf2 g4
47. hxg4 hxg4 48. Ke2 b5 49. Kd2 Qh6+ 50. Kd1 Qh1+ 51. Be1 Qh6 52. Qd5 Nf6 53.
Qb7+ Kg6 54. Qxb5 Qe3 55. Qxe5 Qf3+ 56. Kc1 Qf1 57. Kd1 Qf3+ 58. Kc1 Qf1 59.
Kd2 Qg2+ 60. Kd1 Qf1 61. Qf4 Qf3+ 62. Kd2 Qg2+ 63. Qf2 Qf3 64. Qxd4 Nh5 65.
Qd6+ Kh7 66. Qd7+ Kg6 67. Qf5+ Qxf5 68. exf5+ Kxf5 69. c4 Ke5 70. Ke3 Ke6 71.
Ke4 Nf6+ 72. Kf4 Nd7 73. d4 Nb6 74. c5 Nd5+ 75. Kxg4 Ne3+ 76. Kf3 Nc2 77. Bf2
Kd5 78. g4 Nb4 79. g5 Nc6 80. g6 Ne7 81. g7 Ke6 82. Ke4 Kf7 83. Bh4 Nc6 84. d5
Na5 85. c6 Nc4 86. Kd4 Nd6 87. Kc5 Ne4+ 88. Kb6 1-0

[Event "chess.com Speed (Women)"]
[Site "Chess.com INT"]
[Date "2019.06.23"]
[Round "2.30"]
[White "Gunina, Valentina"]
[Black "Kosteniuk, Alexandra"]
[Result "0-1"]
[WhiteElo "2506"]
[BlackElo "2546"]
[PlyCount "80"]
[EventDate "2019.05.22"]
[EventType "k.o. (blitz)"]
[EventRounds "3"]
[EventCountry "USA"]
[SourceTitle "EXT 2020"]
[Source "ChessBase"]
[SourceDate "2019.10.17"]
[SourceVersion "1"]
[SourceVersionDate "2019.10.17"]
[SourceQuality "1"]

1. d4 Nf6 2. c4 e6 3. g3 d5 4. cxd5 exd5 5. Bg2 g6 6. Nf3 Bg7 7. O-O O-O 8. Nc3
c6 9. Bf4 Re8 10. Ne5 Nbd7 11. e3 Nh5 12. h4 Nxe5 13. Bxe5 Bxe5 14. dxe5 Rxe5
15. Qd4 Re8 16. Rad1 Ng7 17. e4 Ne6 18. Qa4 d4 19. e5 Qc7 20. Ne4 Qxe5 21. Rfe1
Qg7 22. Qb4 Rd8 23. Qe7 Qf8 24. Qf6 b6 25. h5 Bb7 26. Bh3 c5 27. Bxe6 Bxe4 28.
Rxe4 fxe6 29. Qxe6+ Qf7 30. Qg4 Rf8 31. Rf4 Qg7 32. Re1 Rxf4 33. Qxf4 Rf8 34.
Qg4 Qf7 35. Re2 Qf5 36. Qxf5 Rxf5 37. hxg6 hxg6 38. Kf1 Kf7 39. Ke1 Rf6 40. Kd2
Re6 0-1

[Event "chess.com Speed (Women)"]
[Site "Chess.com INT"]
[Date "2019.06.23"]
[Round "2.31"]
[White "Kosteniuk, Alexandra"]
[Black "Gunina, Valentina"]
[Result "0-1"]
[WhiteElo "2546"]
[BlackElo "2506"]
[PlyCount "78"]
[EventDate "2019.05.22"]
[EventType "k.o. (blitz)"]
[EventRounds "3"]
[EventCountry "USA"]
[SourceTitle "EXT 2020"]
[Source "ChessBase"]
[SourceDate "2019.10.17"]
[SourceVersion "1"]
[SourceVersionDate "2019.10.17"]
[SourceQuality "1"]

1. e4 c6 2. Nc3 d5 3. Nf3 Bg4 4. Be2 Bxf3 5. Bxf3 e6 6. exd5 cxd5 7. d4 Nc6 8.
O-O Nf6 9. Ne2 Bd6 10. c3 h6 11. Ng3 O-O 12. b4 Rc8 13. Qd3 Ne7 14. Bd2 Ng6 15.
Bd1 Bf4 16. Bxf4 Nxf4 17. Qd2 Ng6 18. Bc2 Ne7 19. Rac1 Qd6 20. Bb1 Rc7 21. f4
Rfc8 22. Ne2 Nf5 23. Ng3 Nxg3 24. hxg3 Rc6 25. Rf3 Ne4 26. Bxe4 dxe4 27. Re3 f5
28. Qb2 Rc4 29. Qb3 Rxd4 30. Kh2 Rd2 31. c4 Rd8 32. c5 Qe7 33. c6 bxc6 34. Rxc6
R8d6 35. Rcc3 Qf7 36. Rc8+ Kh7 37. g4 fxg4 38. Qc4 Qxf4+ 39. Rg3 R6d3 0-1

[Event "Candidates Tournament (Women)"]
[Site "Kazan"]
[Date "2019.05.31"]
[Round "1"]
[White "Kosteniuk, Alexandra"]
[Black "Goryachkina, Aleksandra"]
[Result "1/2-1/2"]
[WhiteElo "2546"]
[BlackElo "2522"]
[PlyCount "121"]
[EventDate "2019.05.31"]
[EventType "tourn"]
[EventRounds "14"]
[EventCountry "RUS"]
[EventCategory "12"]
[SourceTitle "CBM 191"]
[Source "ChessBase"]
[SourceDate "2019.08.31"]
[SourceVersion "1"]
[SourceVersionDate "2019.08.31"]
[SourceQuality "1"]

1. e4 e5 2. Nf3 Nc6 3. Bb5 g6 4. c3 a6 5. Bc4 Bg7 6. d4 exd4 7. Bg5 Nge7 8.
Nxd4 h6 9. Nxc6 bxc6 10. Be3 d5 11. Bb3 Qd6 12. Nd2 O-O 13. O-O Be6 14. Qc1 f5
15. Rd1 g5 16. exd5 cxd5 17. Bd4 c5 18. Bxg7 Kxg7 19. Nc4 Qc7 20. Qe3 Bg8 21.
Qe5+ Qxe5 22. Nxe5 Rfd8 23. Ba4 Rac8 24. Rd2 Rc7 25. Rad1 Kf6 26. Re1 Nc8 27.
g3 Nb6 28. Bb3 Re7 29. f4 Rde8 30. Kf2 a5 31. Red1 a4 32. Bc2 Be6 33. Nd3 Rc7
34. Re2 Bd7 35. Rxe8 Bxe8 36. Re1 Bb5 37. Re5 Bd7 38. Bd1 Be6 39. Bf3 Nc4 40.
Re1 Nd6 41. Ke3 Nc4+ 42. Kf2 Nd6 43. Ke3 a3 44. b4 cxb4 45. cxb4 d4+ 46. Kxd4
Nb5+ 47. Ke3 Bxa2 48. Ne5 Be6 49. Bc6 Nd6 50. Kd4 a2 51. Ra1 Ra7 52. b5 Nc8 53.
Kc5 Ra3 54. Bd5 Rc3+ 55. Kb4 Rc2 56. Bxe6 Kxe6 57. Nc4 Rxh2 58. b6 Nxb6 59.
Nxb6 Rg2 60. Nc4 Rxg3 61. fxg5 1/2-1/2

[Event "Candidates Tournament (Women)"]
[Site "Kazan"]
[Date "2019.06.01"]
[Round "2"]
[White "Lagno, Kateryna"]
[Black "Kosteniuk, Alexandra"]
[Result "1/2-1/2"]
[WhiteElo "2554"]
[BlackElo "2546"]
[PlyCount "59"]
[EventDate "2019.05.31"]
[EventType "tourn"]
[EventRounds "14"]
[EventCountry "RUS"]
[EventCategory "12"]
[SourceTitle "CBM 191"]
[Source "ChessBase"]
[SourceDate "2019.08.31"]
[SourceVersion "1"]
[SourceVersionDate "2019.08.31"]
[SourceQuality "1"]

1. e4 e5 2. Nf3 Nc6 3. Bb5 a6 4. Ba4 Nf6 5. d3 d6 6. c3 g6 7. O-O Bg7 8. h3 O-O
9. Be3 b5 10. Bc2 d5 11. Nbd2 h6 12. a4 Be6 13. Nb3 Nd7 14. d4 bxa4 15. Rxa4
Nb6 16. Ra1 Nc4 17. Nc5 exd4 18. Nxe6 fxe6 19. Nxd4 Nxe3 20. fxe3 Nxd4 21. exd4
Rxf1+ 22. Qxf1 Qg5 23. Qd3 Rb8 24. b4 e5 25. dxe5 dxe4 26. Qxe4 Bxe5 27. Rf1
Kg7 28. Qf3 Qg3 29. Qxg3 Bxg3 30. Rf3 1/2-1/2

[Event "Candidates Tournament (Women)"]
[Site "Kazan"]
[Date "2019.06.04"]
[Round "4"]
[White "Kosteniuk, Alexandra"]
[Black "Tan, Zhongyi"]
[Result "1/2-1/2"]
[WhiteElo "2546"]
[BlackElo "2513"]
[PlyCount "78"]
[EventDate "2019.05.31"]
[EventType "tourn"]
[EventRounds "14"]
[EventCountry "RUS"]
[EventCategory "12"]
[SourceTitle "CBM 191"]
[Source "ChessBase"]
[SourceDate "2019.08.31"]
[SourceVersion "1"]
[SourceVersionDate "2019.08.31"]
[SourceQuality "1"]

1. e4 e5 2. Nf3 Nf6 3. d4 Nxe4 4. Bd3 d5 5. Nxe5 Nd7 6. O-O Nxe5 7. dxe5 Nc5 8.
Be3 Nxd3 9. Qxd3 c6 10. Nd2 Be7 11. f4 g6 12. Nf3 O-O 13. Rad1 Qc7 14. c4 Bf5
15. Qc3 dxc4 16. Qxc4 Rad8 17. Nd4 Bg4 18. Rc1 Qd7 19. f5 Bg5 20. Bxg5 Qxd4+
21. Qxd4 Rxd4 22. Be7 Rc8 23. f6 a5 24. a3 a4 25. h3 Be6 26. Rfd1 Re4 27. Re1
Rf4 28. Rcd1 Bd5 29. Rd2 h5 30. Rf2 Rxf2 31. Kxf2 g5 32. h4 Kh7 33. hxg5 Rg8
34. e6 Rxg5 35. exf7 Bxf7 36. Re3 Kg6 37. Rg3 Rxg3 38. Kxg3 Kf5 39. Kh4 Be8
1/2-1/2

[Event "Candidates Tournament (Women)"]
[Site "Kazan"]
[Date "2019.06.05"]
[Round "5"]
[White "Kosteniuk, Alexandra"]
[Black "Dzagnidze, Nana"]
[Result "1-0"]
[WhiteElo "2546"]
[BlackElo "2510"]
[Annotator "Mikhalchishin,A"]
[PlyCount "83"]
[EventDate "2019.05.31"]
[EventType "tourn"]
[EventRounds "14"]
[EventCountry "RUS"]
[EventCategory "12"]
[SourceTitle "CBM 191"]
[Source "ChessBase"]
[SourceDate "2019.08.31"]
[SourceVersion "1"]
[SourceVersionDate "2019.08.31"]
[SourceQuality "1"]

1. e4 c5 2. c3 d5 3. exd5 Qxd5 4. d4 Nf6 5. Nf3 Bg4 6. Be2 e6 7. h3 Bh5 8. c4
$5 Qd7 9. d5 {A very aggressive central approach!} exd5 10. cxd5 Bd6 (10...
Qxd5 11. Qa4+ Nc6 (11... Nbd7 12. O-O Qe4 13. Bc4 Bxf3 14. Nd2 Qc6 15. Bb5 Qc8
16. Nxf3 a6 17. Bxd7+ Qxd7 18. Re1+ Be7 19. Qxd7+ Nxd7 20. Bf4 Nf8 {Black
keeps extra pawn, Schmittdiel,E (2450)-Kveinys,A (2555) Zillertal 1993}) 12.
Nc3 Qd7 13. Be3 Be7 14. Rd1 Qc7 (14... Qc8 15. Nd5 Nxd5 16. Rxd5 Bg6 17. O-O
O-O 18. Bxc5 Re8 19. Bxe7 Rxe7 20. Rd2 {1/2 (20) Schmittdiel,E (2410)-Mednis,E
(2440) Ostend 1993}) 15. g4 Bg6 16. g5 Nd7 17. Nd5) ({But very logical was} 
10... Nxd5) 11. Nh4 $1 Bg6 ({Problems awaited Black after} 11... Bxe2 12. Qxe2+
Kf8 13. Nc3 h6 14. O-O g6 15. b3 Na6 16. Bb2) 12. Nxg6 {I dont see why White
should hurry with this capture.} (12. Nc3 O-O 13. O-O a6 14. Bg5) 12... hxg6
13. Nc3 a6 14. O-O Kf8 ({It was possible to start activity immediately with} 
14... b5) 15. f4 ({White avoids a typical drawing combination:} 15. a4 Rxh3 $1
16. gxh3 Qxh3 17. f4 c4 18. Qd4 Qg3+ 19. Kh1 Qh3+ $11) 15... Qc7 16. f5 $5 (16.
a4 c4 17. a5 Nbd7 18. Ra4 b5 19. axb6 Nxb6 {could just create problems for
White.}) 16... gxf5 17. Rxf5 Nbd7 18. Qf1 Re8 ({Even here very promising was} 
18... b5) 19. Bg5 Be5 (19... b5 {For some reason Dzagnidze does not want to
prepare an attack on the queenside.}) 20. Rd1 Qd6 ({As before, strong was} 
20... Bd4+ 21. Kh1 b5) 21. Kh1 b5 22. Bd3 Kg8 $6 ({It was possible to enter
the game from the other side:} 22... Rh5 23. Ne4 Nxe4 24. Bxe4 Kg8 25. Bf3 Rxg5
26. Rxg5 Bxb2 {and Black's pawns on the queenside will decide the game.}) 23.
Re1 c4 24. Bc2 Qb8 {The idea of this move is to protect the rook just in case.}
25. Qf3 Bd6 {It is clear that Black did wrong, as her pieces are going back.}
26. Qd1 Rxe1+ 27. Qxe1 Qe8 28. Qxe8+ Nxe8 29. Ne4 f6 30. Be3 Be5 31. b3 Nc7 32.
bxc4 bxc4 33. d6 Nb5 34. a4 Na3 35. Bd1 Kf7 36. Bc1 Rh4 37. Ng5+ Kg6 38. Nf3
Re4 39. g4 Nb1 40. Bc2 Nc3 41. Nxe5+ fxe5 (41... Nxe5 42. d7 Nxd7 43. Rf3) 42.
Rf3 1-0

[Event "Candidates Tournament (Women)"]
[Site "Kazan"]
[Date "2019.06.10"]
[Round "9"]
[White "Kosteniuk, Alexandra"]
[Black "Lagno, Kateryna"]
[Result "1/2-1/2"]
[WhiteElo "2546"]
[BlackElo "2554"]
[PlyCount "146"]
[EventDate "2019.05.31"]
[EventType "tourn"]
[EventRounds "14"]
[EventCountry "RUS"]
[EventCategory "12"]
[SourceTitle "CBM 191"]
[Source "ChessBase"]
[SourceDate "2019.08.31"]
[SourceVersion "1"]
[SourceVersionDate "2019.08.31"]
[SourceQuality "1"]

1. e4 d6 2. d4 g6 3. Nc3 Bg7 4. Be3 a6 5. Nf3 b5 6. Bd3 Bb7 7. e5 c5 8. e6 f5
9. dxc5 dxc5 10. Bxc5 Qc7 11. Be3 Nf6 12. Qd2 Nc6 13. Bf4 Qb6 14. O-O O-O-O 15.
Rae1 Nd4 16. Nxd4 Rxd4 17. Ne2 Qc6 18. f3 Rdd8 19. Qc3 Ne8 20. Qxc6+ Bxc6 21.
Nc3 Bd4+ 22. Kh1 Nc7 23. a3 Kb7 24. Re2 Bf6 25. Rfe1 Bh4 26. Rb1 Bf6 27. Bg3
Rd4 28. Bf2 Rd6 29. Rbe1 Bd4 30. Bg3 Rdd8 31. Bh4 Rhe8 32. Bg5 Bg7 33. Kg1 a5
34. Bd2 b4 35. Nd1 Nd5 36. g3 Bd4+ 37. Kg2 Bc5 38. Ne3 Nb6 39. axb4 axb4 40.
Nc4 Nxc4 41. Bxc4 Rd4 42. b3 Rdd8 43. h4 Kb6 44. Rb1 Bb5 45. Be1 Rd4 46. Bxb5
Kxb5 47. Re5 Red8 48. c4+ bxc3 49. Bxc3 R4d5 50. b4 Bb6 51. Re2 Rd3 52. Be1 Ra8
53. Re5+ Kc6 54. b5+ Kb7 55. Re2 Bc5 56. Rc1 Bd6 57. Bf2 f4 58. gxf4 Raa3 59.
Rc6 Bxf4 60. Rb6+ Kc7 61. Rc2+ Rdc3 62. Rc6+ Rxc6 63. Rxc6+ Kb7 64. Rb6+ Kc7
65. Ra6 Rb3 66. b6+ Kc6 67. Ra8 Rb2 68. Ra3 Bd6 69. Rc3+ Kd5 70. Kf1 Rb1+ 71.
Ke2 Rb2+ 72. Kf1 Rb1+ 73. Ke2 Rb2+ 1/2-1/2

[Event "Candidates Tournament (Women)"]
[Site "Kazan"]
[Date "2019.06.17"]
[Round "14"]
[White "Muzychuk, Anna"]
[Black "Kosteniuk, Alexandra"]
[Result "1/2-1/2"]
[WhiteElo "2539"]
[BlackElo "2546"]
[PlyCount "49"]
[EventDate "2019.05.31"]
[EventType "tourn"]
[EventRounds "14"]
[EventCountry "RUS"]
[EventCategory "12"]
[SourceTitle "CBM 191"]
[Source "ChessBase"]
[SourceDate "2019.08.31"]
[SourceVersion "1"]
[SourceVersionDate "2019.08.31"]
[SourceQuality "1"]

1. e4 e5 2. Nf3 Nc6 3. Nc3 Nf6 4. d4 exd4 5. Nxd4 Bb4 6. Nxc6 bxc6 7. Bd3 O-O
8. O-O d5 9. exd5 Bg4 10. f3 Bh5 11. g4 Bg6 12. Bxg6 hxg6 13. dxc6 Bxc3 14.
Qxd8 Rfxd8 15. bxc3 Rd6 16. g5 Ne8 17. a4 Rxc6 18. Ra3 Rd8 19. Kf2 Nd6 20. Bf4
Rc4 21. Be5 Rc5 22. Bf4 Rc4 23. Be5 Rc5 24. Bf4 Rc4 25. Be5 1/2-1/2

[Event "FRA-chT Top 12 final (Women)"]
[Site "Saint Quentin"]
[Date "2019.06.29"]
[Round "1.1"]
[White "Cramling, Pia"]
[Black "Kosteniuk, Alexandra"]
[Result "1/2-1/2"]
[WhiteElo "2465"]
[BlackElo "2530"]
[PlyCount "227"]
[EventDate "2019.06.29"]
[EventType "team-k.o."]
[EventRounds "2"]
[EventCountry "FRA"]
[SourceTitle "CBM 191 Extra"]
[Source "ChessBase"]
[SourceDate "2019.09.30"]
[SourceVersion "1"]
[SourceVersionDate "2019.09.30"]
[SourceQuality "1"]
[WhiteTeam "Monaco (W)"]
[BlackTeam "Clichy Echecs 92 (W)"]
[WhiteTeamCountry "MNC"]
[BlackTeamCountry "FRA"]

1. Nf3 Nf6 2. c4 b6 3. g3 e6 4. Bg2 Bb7 5. O-O Be7 6. d4 O-O 7. Re1 d5 8. cxd5
exd5 9. Nc3 c5 10. Bf4 Na6 11. dxc5 Nxc5 12. Nd4 Nfe4 13. Rc1 Nxc3 14. Rxc3 Bf6
15. Rc2 Qd7 16. b4 Bxd4 17. Qxd4 Ne6 18. Qd3 Nxf4 19. gxf4 Qd6 20. Qd4 Rac8 21.
Rec1 Rxc2 22. Rxc2 Ba6 23. f5 Rd8 24. Rd2 Bc4 25. a3 Qe7 26. e3 h6 27. Kh1 Qg5
28. Qe5 Rc8 29. Rc2 Kh7 30. Rc1 d4 31. Rg1 dxe3 32. fxe3 Qf6 33. Qxf6 gxf6 34.
Rc1 b5 35. Bf3 Re8 36. e4 Bd3 37. Rc7 Kg7 38. Rxa7 Bxe4 39. Kg2 Bxf5 40. a4
bxa4 41. Rxa4 Rb8 42. Ra5 Bd3 43. Rd5 Bc4 44. Rd4 Rxb4 45. Kg3 Ra4 46. Rg4+ Kf8
47. Rh4 f5 48. Rxh6 Ra3 49. Kf4 Be6 50. Rh8+ Kg7 51. Rd8 Ra4+ 52. Ke3 f4+ 53.
Ke2 Kf6 54. Rd2 Kg5 55. Kf2 Kh4 56. Rb2 Bh3 57. Re2 Bf5 58. Re5 Ra2+ 59. Re2
Ra5 60. Re8 Kg5 61. Rg8+ Kf6 62. Ra8 Rb5 63. Ra2 Kg5 64. Rd2 Rb8 65. Re2 Rh8
66. Kg2 Bh3+ 67. Kg1 f5 68. Re7 Kf6 69. Rc7 Rb8 70. Rc2 Rb1+ 71. Kf2 Kg5 72.
Ra2 Bf1 73. Be2 Bh3 74. Bf3 Rc1 75. Rb2 Ra1 76. Rc2 Bg4 77. Kg2 Kh4 78. Kf2 Kh3
79. Bd5 Rd1 80. Bc4 Kxh2 81. Bf1 Ra1 82. Rd2 Ra3 83. Bg2 Rg3 84. Kf1 Re3 85.
Kf2 f3 86. Bf1 Rc3 87. Ra2 f4 88. Rb2 Bh5 89. Ra2 Rc5 90. Rd2 Rg5 91. Rd8 Ra5
92. Rd2 Ra3 93. Rb2 Bf7 94. Rd2 Bh5 95. Rb2 Ra1 96. Rc2 Bg6 97. Rd2 Be4 98. Rb2
Ra7 99. Rd2 Rc7 100. Rb2 Bd5 101. Rd2 Rc5 102. Rb2 Bc6 103. Rd2 Kh1 104. Ra2
Rh5 105. Ra1 Kh2 106. Ra2 Bd5 107. Rb2 Be4 108. Ra2 Rh7 109. Ra6 Bb7 110. Rb6
Be4 111. Re6 Bf5 112. Rf6 Rh5 113. Kxf3 Kg1 114. Kxf4 1/2-1/2

[Event "FRA-chT Top 12 final (Women)"]
[Site "Saint Quentin"]
[Date "2019.06.30"]
[Round "2.2"]
[White "Kosteniuk, Alexandra"]
[Black "Gaponenko, Inna"]
[Result "1/2-1/2"]
[WhiteElo "2530"]
[BlackElo "2450"]
[PlyCount "149"]
[EventDate "2019.06.29"]
[EventType "team-k.o."]
[EventRounds "2"]
[EventCountry "FRA"]
[SourceTitle "CBM 191 Extra"]
[Source "ChessBase"]
[SourceDate "2019.09.30"]
[SourceVersion "1"]
[SourceVersionDate "2019.09.30"]
[SourceQuality "1"]
[WhiteTeam "Clichy Echecs 92 (W)"]
[BlackTeam "Asnieres (W)"]
[WhiteTeamCountry "FRA"]
[BlackTeamCountry "FRA"]

1. e4 e6 2. d4 d5 3. Nc3 dxe4 4. Nxe4 Bd7 5. Nf3 Bc6 6. Ng3 Nd7 7. Bd3 Ngf6 8.
O-O g6 9. b3 Bg7 10. Ba3 Bf8 11. Bb2 Bg7 12. c4 O-O 13. Qe2 Bxf3 14. Qxf3 c6
15. Rfd1 Qa5 16. Qf4 Rfe8 17. Bf1 Rac8 18. Re1 b5 19. Rec1 a6 20. a3 Qb6 21.
Rab1 a5 22. Rc3 b4 23. axb4 axb4 24. Rf3 Qb8 25. Qh4 h6 26. Re3 e5 27. Rbe1
exd4 28. Qxd4 c5 29. Qd1 Rxe3 30. Rxe3 Re8 31. Rd3 Ne5 32. Rd6 Qc7 33. h3 h5
34. f4 Ned7 35. Ne2 Re6 36. Rxe6 fxe6 37. Qd3 Kf7 38. g3 Ne8 39. Bxg7 Nxg7 40.
g4 hxg4 41. hxg4 Nf6 42. Bh3 Qd7 43. Nc1 Nge8 44. Bg2 Qd6 45. Qxd6 Nxd6 46. g5
Nd7 47. Nd3 Nc8 48. Kf2 Ke7 49. Be4 Kf7 50. Ke3 Ne7 51. Kd2 Ke8 52. Nf2 Kd8 53.
Ng4 Kc7 54. Nf6 Kd8 55. Ng4 Kc7 56. Nh6 Nf5 57. Nf7 Ne7 58. Ke2 Nf5 59. Kf2 Ne7
60. Kg3 Nf5+ 61. Kf3 Nd4+ 62. Kg4 Nxb3 63. Bxg6 Nd2 64. Bd3 b3 65. g6 Nf6+ 66.
Kg5 Ne8 67. Kh6 b2 68. Ne5 b1=Q 69. Bxb1 Nxb1 70. g7 Nxg7 71. Kxg7 Nd2 72. Kf7
Kd6 73. Ke8 Nxc4 74. Nxc4+ Kd5 75. Ke7 1/2-1/2

[Event "Shaoxing (Women) op"]
[Site "Shaoxing"]
[Date "2019.07.12"]
[Round "5"]
[White "Kosteniuk, Alexandra"]
[Black "Tokhirjonova, Gulruhbegim"]
[Result "1-0"]
[WhiteElo "2517"]
[BlackElo "2422"]
[PlyCount "183"]
[EventDate "2019.07.08"]
[EventType "swiss"]
[EventRounds "9"]
[EventCountry "CHN"]
[SourceTitle "EXT 2020"]
[Source "ChessBase"]
[SourceDate "2019.10.17"]
[SourceVersion "1"]
[SourceVersionDate "2019.10.17"]
[SourceQuality "1"]

1. d4 Nf6 2. c4 g6 3. Nc3 d5 4. Bg5 c6 5. Bxf6 exf6 6. cxd5 cxd5 7. Qb3 Nc6 8.
e3 Bb4 9. Nge2 O-O 10. a3 Ba5 11. Nf4 Re8 12. Be2 g5 13. Nd3 Bf5 14. Nb4 Be6
15. O-O Nxb4 16. axb4 Bc7 17. Bf3 Qd6 18. g3 Red8 19. Bg2 a6 20. f4 f5 21. fxg5
Qe7 22. Ne2 Qxg5 23. Nf4 Rac8 24. b5 axb5 25. Qxb5 Qe7 26. Ne2 Bd7 27. Qb3 Re8
28. Rf3 Bd6 29. Nc3 Be6 30. Bh3 Kh8 31. Kh1 Rc4 32. Raf1 Bb4 33. Bxf5 Bxc3 34.
Bxe6 Qxe6 35. bxc3 Re7 36. Qc2 b5 37. Qb2 Rec7 38. Qxb5 Rxc3 39. Qb1 Rc2 40.
Kg1 Qh6 41. h4 Qe6 42. Qb8+ Kg7 43. Qd8 Re7 44. R1f2 Rc8 45. Qa5 Qh3 46. Qa3
Rb7 47. Qd6 Rc1+ 48. Rf1 Rxf1+ 49. Rxf1 Qe6 50. Qxe6 fxe6 51. g4 Rb4 52. Rf4
Rb2 53. Rf2 Rb4 54. Kg2 e5 55. Rd2 Kf6 56. Kf3 Ke6 57. Rd1 Ra4 58. h5 Kf6 59.
dxe5+ Kxe5 60. Rb1 Ra7 61. Rb6 Rf7+ 62. Kg3 Re7 63. Kh4 Ke4 64. Rd6 Ke5 65. Rd8
h6 66. Rh8 Re6 67. Rg8 Re7 68. Rg6 Rh7 69. g5 hxg5+ 70. Kxg5 Rf7 71. h6 Rf5+
72. Kg4 Rf1 73. Rg5+ Kf6 74. Rh5 Rg1+ 75. Kf3 Rg8 76. h7 Rh8 77. Kf4 Kg6 78.
Rh1 Kf6 79. Rh2 Kg7 80. Ke5 Re8+ 81. Kxd5 Kh8 82. e4 Ra8 83. e5 Ra5+ 84. Ke6
Ra6+ 85. Kd7 Ra7+ 86. Kc6 Ra6+ 87. Kb5 Rg6 88. Kc5 Ra6 89. Re2 Ra5+ 90. Kb6 Ra8
91. e6 Re8 92. Kc6 1-0

[Event "Shaoxing (Women) op"]
[Site "Shaoxing"]
[Date "2019.07.13"]
[Round "6"]
[White "Guo, Qi"]
[Black "Kosteniuk, Alexandra"]
[Result "1/2-1/2"]
[WhiteElo "2375"]
[BlackElo "2517"]
[PlyCount "130"]
[EventDate "2019.07.08"]
[EventType "swiss"]
[EventRounds "9"]
[EventCountry "CHN"]
[SourceTitle "EXT 2020"]
[Source "ChessBase"]
[SourceDate "2019.10.17"]
[SourceVersion "1"]
[SourceVersionDate "2019.10.17"]
[SourceQuality "1"]

1. d4 Nf6 2. c4 e6 3. Nf3 Bb4+ 4. Bd2 Qe7 5. g3 Bxd2+ 6. Qxd2 Nc6 7. Nc3 d5 8.
Bg2 O-O 9. O-O dxc4 10. Ne5 Nxe5 11. dxe5 Nd7 12. Qd4 Qc5 13. Qxc5 Nxc5 14.
Rfc1 Rb8 15. Nb5 Bd7 16. Rxc4 Bxb5 17. Rxc5 c6 18. Bf3 Rbd8 19. a4 Ba6 20. b4
Rd2 21. Kf1 Rb2 22. b5 cxb5 23. axb5 Bxb5 24. Rxa7 Ba6 25. Kg2 g6 26. Rc7 Rb8
27. e3 h5 28. h4 Kf8 29. Be4 Kg7 30. Bf3 Ra2 31. Rcxb7 Rxb7 32. Bxb7 Bf1+ 33.
Kxf1 Rxa7 34. Be4 Ra5 35. f4 Ra2 36. Bf3 Kf8 37. Be2 Rb2 38. Kf2 Ke7 39. Kf3
Kd7 40. Bd1 Rb4 41. Kf2 Kc6 42. g4 Rb2+ 43. Kg3 hxg4 44. Bxg4 Rb1 45. Kg2 Kd5
46. h5 Ke4 47. hxg6 fxg6 48. Bxe6 Kxe3 49. f5 gxf5 50. Bxf5 Rb8 51. Kg3 Rg8+
52. Bg4 Rg7 53. e6 Ke4 54. e7 Rxe7 55. Bd1 Rc7 56. Kf2 Kd3 57. Bh5 Rc6 58. Kf3
Rf6+ 59. Kg4 Ke4 60. Kg3 Kf5 61. Bg4+ Ke4 62. Bh5 Rf4 63. Bg6+ Ke3 64. Bh5 Ra4
65. Bg6 Ra6 1/2-1/2

[Event "Shaoxing (Women) op"]
[Site "Shaoxing"]
[Date "2019.07.15"]
[Round "7"]
[White "Kosteniuk, Alexandra"]
[Black "Munguntuul, Batkhuyag"]
[Result "1-0"]
[WhiteElo "2517"]
[BlackElo "2412"]
[PlyCount "121"]
[EventDate "2019.07.08"]
[EventType "swiss"]
[EventRounds "9"]
[EventCountry "CHN"]
[SourceTitle "EXT 2020"]
[Source "ChessBase"]
[SourceDate "2019.10.17"]
[SourceVersion "1"]
[SourceVersionDate "2019.10.17"]
[SourceQuality "1"]

1. e4 c5 2. Nf3 e6 3. d4 cxd4 4. Nxd4 Nc6 5. Nc3 d6 6. Be3 Nf6 7. f4 e5 8. Nxc6
bxc6 9. Bc4 exf4 10. Bd2 Ng4 11. Bxf4 Be7 12. Qf3 O-O 13. O-O-O Bg5 14. Kb1
Bxf4 15. Qxf4 Ne5 16. Bb3 Qe7 17. Rhg1 Be6 18. g4 a5 19. Na4 Rfb8 20. Rg3 Rb4
21. a3 Rbb8 22. g5 Bxb3 23. cxb3 Qe6 24. Ka2 Rb5 25. Qd2 Rd8 26. h4 c5 27. Qd5
Qxd5 28. Rxd5 Kf8 29. Rc3 Nc6 30. e5 dxe5 31. Rdxc5 Rxc5 32. Rxc5 Rd6 33. Nb6
f5 34. gxf6 gxf6 35. Nc4 Re6 36. Ne3 Kg7 37. Kb1 Kg6 38. Nd5 Nd4 39. b4 axb4
40. axb4 f5 41. b5 f4 42. b6 Re8 43. Nc7 Rb8 44. Rxe5 f3 45. Re4 Rf8 46. Rxd4
f2 47. Rd1 f1=Q 48. Rxf1 Rxf1+ 49. Ka2 Rf8 50. Kb3 Rb8 51. Nd5 Kf5 52. Kc4 Ke6
53. Kc5 Kd7 54. Nf6+ Ke6 55. Nxh7 Rc8+ 56. Kb5 Kd6 57. b7 Rh8 58. Kb6 Ke6 59.
b4 Kd5 60. b5 Kc4 61. Nf6 1-0

[Event "Shaoxing (Women) op"]
[Site "Shaoxing"]
[Date "2019.07.16"]
[Round "8"]
[White "Harika, Dronavalli"]
[Black "Kosteniuk, Alexandra"]
[Result "1-0"]
[WhiteElo "2492"]
[BlackElo "2517"]
[PlyCount "55"]
[EventDate "2019.07.08"]
[EventType "swiss"]
[EventRounds "9"]
[EventCountry "CHN"]
[SourceTitle "EXT 2020"]
[Source "ChessBase"]
[SourceDate "2019.10.17"]
[SourceVersion "1"]
[SourceVersionDate "2019.10.17"]
[SourceQuality "1"]

1. d4 Nf6 2. c4 e6 3. Nc3 Bb4 4. Nf3 b6 5. Bd2 Bb7 6. e3 O-O 7. Bd3 d5 8. cxd5
exd5 9. Rc1 Re8 10. O-O a6 11. Ne5 c5 12. a3 Bxc3 13. Bxc3 c4 14. Bb1 Nc6 15.
f4 b5 16. Be1 Ne4 17. Qh5 Qc7 18. Bxe4 dxe4 19. Bc3 Nxe5 20. fxe5 a5 21. Rf4
Bd5 22. Rcf1 h6 23. Be1 Ra6 24. e6 Bxe6 25. d5 Qc5 26. Rxf7 b4 27. Rc7 Qb5 28.
a4 1-0